000 00471nam a2200181Ia 4500
005 20250326125136.0
008 250326s9999 xx 000 0 und d
037 _aTextbook
040 _aFMSL
_beng
_cFMSL
041 _aeng
_2eng
084 _aX:979D K3
_qFMSL
100 _aDayal I
245 0 _aAnatomy of a strike
_cDayal I
260 _aUSA
_bUSA, Theodore M Alfred
_c1963
300 _a268p
942 _cTB
_hX:979D K3
999 _c1276724
_d1276724